000 00428cam a2200169ua 4500
003 OSt
008 250506b |||||||| |||| 00| 0 eng d
041 _aeng
082 _a624.1517
_bPUN/SU
100 _aPunmia, B C.
245 _aSurveying III Higher surveying /
260 _aNew Delhi :
_bLaxmi publications ,
_c2005.
300 _a273 ; .
700 1 _aJain, A K.
_97462
700 1 _aJain, Arun K .
_9570
942 _cBK
999 _c13227
_d13227